| 000 | 00725cam a2200217 a 4500 | ||
|---|---|---|---|
| 001 | 000008786 | ||
| 005 | 20200929161417.0 | ||
| 008 | 780607s1969 ve 000 1 spa | ||
| 040 |
_aDO-SdBNP _cDLC _dDLC |
||
| 050 | 0 | 0 |
_aPQ8550.14.U7 _bC6 |
| 082 |
_aNN _bD948c |
||
| 100 | 1 |
_aDurán, Armando, _d1913-2001. _923329 |
|
| 245 | 1 | 0 |
_aContracorriente : _brelatos / _cArmando Durán. |
| 260 |
_aCaracas : _bMonte Ávila, _c[1969]. |
||
| 300 |
_a173 p. ; _c18 cm. |
||
| 490 | 1 | _aContinente | |
| 505 | 0 | _aContracorriente -- Clara Clarita -- José Barcalayo, matador de alimanas -- Solo exactamente casi nunca -- Las mariposas de mi padre. | |
| 830 | 0 |
_aContinente. _95070 |
|
| 910 | _aCatalogación por copia / LC | ||
| 049 | _aBNGR | ||
| 999 |
_c8555 _d8555 |
||